000 00701nam a2200193 a 4500
001 BRCA_1859
005 20190320203559.0
008 060608s2000----pe-a---###---#000-0#spa-#
050 4 _aAM2
_b.E53 2000
245 1 0 _aEncuentro latinoamericano
_bmuseos, patrimonio y turismo cultural
_cedición Elisa Sarmiento Pastrana.
260 _aPerú
_bComité peruano del ICOM
_c2000
300 _a223 p.
_bil.
_c24 cm.
500 _aMemorias del encuentro realizada en Trujillo, Perú, 21, 22 y 23 mayo, 2000
650 1 4 _aMuseos
_vCongresos
_95765
650 1 4 _aPatrimonio cultural
_vCongresos
_95766
650 1 4 _aTurismo cultural
_vCongresos
_95767
700 1 _aSarmiento Pastrana, Elisa
_95768
942 _2lcc
_cB
999 _c1637
_d1637